Lupo e Orsa /
Bewaard in:
| Hoofdauteur: | |
|---|---|
| Andere auteurs: | |
| Formaat: | Boek |
| Taal: | Italiaans |
| Gepubliceerd in: |
Milano :
Il Castoro,
2020
|
| Tags: |
Geen labels, Wees de eerste die dit record labelt!
|
MARC
| LEADER | 00000nam a22000007i 4500 | ||
|---|---|---|---|
| 001 | IT\ICCU\PIA\0007679 | ||
| 003 | ItRI | ||
| 005 | 20260115232136.0 | ||
| 008 | 201028s2020 it |||||| ||||| |||||c | ||
| 020 | |a 9788869666711 | ||
| 040 | |b ita |c importazione bologna sebina | ||
| 041 | 7 | |a ita |2 ISO-639-2 | |
| 100 | 1 | |a Salmieri, Daniel |0 IT\ICCU\LO1V\430869 |4 aut | |
| 240 | 1 | 0 | |a Bear and wolf |3 IT\ICCU\MOD\1715339 |9 Salmieri, Daniel |
| 245 | 1 | 0 | |a Lupo e Orsa / |c di Daniel Salmieri. |
| 260 | |a Milano : |b Il Castoro, |c 2020 | ||
| 300 | |a 1 volume (senza paginazione) : |b in gran parte ill., color. ; |c 27 x 27 cm | ||
| 500 | |a Traduzione di Loredana Baldinucci | ||
| 700 | 1 | |a Baldinucci, Loredana |0 IT\ICCU\LO1V\271649 |4 trl | |
| 942 | |2 ddc |c BK |n 0 | ||
| 952 | |0 0 |1 0 |4 0 |6 R_813_600000000000000_SAL |7 0 |9 20775 |a BO |b BO |d 2026-01-15 |i 19461 |l 0 |o R 813.6 SAL |p BO19461 |r 2026-01-15 23:21:36 |w 2026-01-15 |x [Sebina 5] [1 v.] |y BK |z 1 v. | ||
| 999 | |c 17751 |d 17751 | ||